00732nam a2200181 a 4500003000200000005001700002008004100019050003300060100003400093245012600127260009200253300004700345504004100392650002500433650003800458650002600496650002800522020250619130030.0021128s19uu xx 00 eng d aPGS PN 1992.8.Y4b.D362 2000 aDelos Trinos, Mikhail Devera. aTelevision program preference of second year B student of Southville International School /cMikhail Devera Delos Trinos. aLas Piñas City, Philippines : bSouthville International School and Colleges,c2000. aUnpaged :bcolored illustrations ;c28 cm. aIncludes bibliographical references. aTelevision programs. aTelevision viewers vAttitudes.  aTelevision and youth. aStudents vAttitudes.